[Event "CRO Cup"]
[Site "Mali Losinj"]
[Date "2024.05.12"]
[Round "6.3"]
[White "Doric, Darko"]
[Black "Jovanovic, Zoran"]
[Result "1/2-1/2"]
[WhiteElo "2439"]
[BlackElo "2535"]
[PlyCount "53"]
[EventDate "2024.05.08"]
[EventType "team-swiss"]
[EventRounds "6"]
[EventCountry "CRO"]
[SourceTitle "CB20_2024"]
[SourceDate "2024.05.16"]
[SourceVersion "1"]
[SourceVersionDate "2024.05.16"]
[SourceQuality "1"]
[WhiteTeam "Bestovje Sveta Nedjelja"]
[BlackTeam "Kastel Novi Sedlar"]
[WhiteTeamCountry "CRO"]
[BlackTeamCountry "CRO"]

1. d4 d6 2. e4 e5 3. dxe5 dxe5 4. Qxd8+ Kxd8 5. Bc4 Ke8 6. Nf3 Bd6 7. Ng5 Nh6 8. a4 Ke7 9. a5 f6 10. Nf3 Nf7 11. c3 Be6 12. Nbd2 a6 13. Ke2 Nd7 14. Bxe6 Kxe6 15. Nc4 g6 16. g3 Rhd8 17. Be3 Be7 18. Nfd2 Nd6 19. Rhd1 f5 20. Nxd6 Bxd6 21. f3 Rf8 22. g4 fxg4 23. fxg4 Bc5 24. Rf1 Bxe3 25. Kxe3 Rxf1 26. Rxf1 Rf8 27. Rxf8 1/2-1/2

[Event "CRO Cup"]
[Site "Mali Losinj"]
[Date "2024.05.11"]
[Round "5.3"]
[White "Jovanovic, Zoran"]
[Black "Plenca, Jadranko"]
[Result "1/2-1/2"]
[WhiteElo "2535"]
[BlackElo "2444"]
[PlyCount "52"]
[EventDate "2024.05.08"]
[EventType "team-swiss"]
[EventRounds "6"]
[EventCountry "CRO"]
[SourceTitle "CB20_2024"]
[SourceDate "2024.05.16"]
[SourceVersion "1"]
[SourceVersionDate "2024.05.16"]
[SourceQuality "1"]
[WhiteTeam "Kastel Novi Sedlar"]
[BlackTeam "Split Mornar"]
[WhiteTeamCountry "CRO"]
[BlackTeamCountry "CRO"]

1. e4 e5 2. Nf3 Nc6 3. Bc4 Bc5 4. d3 Nf6 5. Nc3 h6 6. 0-0 0-0 7. a3 a6 8. Be3 d6 9. h3 Bxe3 10. fxe3 Be6 11. Nd2 d5 12. exd5 Nxd5 13. Nxd5 Bxd5 14. Qg4 Ne7 15. Qg3 Ng6 16. Rf5 Kh7 17. Raf1 f6 18. R5f2 b5 19. Bxd5 Qxd5 20. Qg4 Ne7 21. Qe4+ Qxe4 22. Nxe4 Nd5 23. Rf3 a5 24. Nc5 Rfe8 25. Rc1 Nb6 26. Ne4 Red8 1/2-1/2

[Event "Bundesliga 2324"]
[Site "Germany"]
[Date "2024.02.23"]
[Round "9.1"]
[White "Aditya, Mittal"]
[Black "Jovanovic, Zoran"]
[Result "1-0"]
[WhiteElo "2572"]
[BlackElo "2513"]
[PlyCount "89"]
[EventDate "2023.10.21"]
[EventType "team-tourn"]
[EventRounds "15"]
[EventCountry "GER"]
[SourceTitle "CB09_2024"]
[SourceDate "2024.02.28"]
[SourceVersion "1"]
[SourceVersionDate "2024.02.28"]
[SourceQuality "1"]
[WhiteTeam "Werder Bremen"]
[BlackTeam "Kirchweyhe"]
[WhiteTeamCountry "GER"]
[BlackTeamCountry "GER"]

1. d4 d6 2. Nf3 Nf6 3. c4 g6 4. Nc3 Bg7 5. e4 0-0 6. Be2 e5 7. 0-0 Bg4 8. d5 a5 9. h3 Bxf3 10. Bxf3 Nbd7 11. Rb1 h5 12. Bg5 Qc8 13. a3 Nh7 14. Bd2 Bf6 15. b4 Bg5 16. Be1 h4 17. Nb5 b6 18. Be2 Qd8 19. Bd3 Nhf6 20. Bc3 Nh5 21. Re1 Kh7 22. Be2 Ng7 23. Qc2 f5 24. Bf3 Bf4 25. Bb2 Rf7 26. Kh1 Kg8 27. Re2 Kh7 28. Rg1 Bh6 29. Ree1 Bf4 30. Bc3 Bh6 31. Rd1 Bg5 32. Rb1 Bf4 33. Qe2 axb4 34. axb4 Nf6 35. exf5 gxf5 36. g3 hxg3 37. fxg3 Bh6 38. g4 e4 39. g5 exf3 40. Qxf3 Bxg5 41. Rxg5 Nfe8 42. Qf4 Qe7 43. Re1 Qf8 44. Qh4+ Kg8 45. Rg6 1-0

[Event "Bundesliga 2324"]
[Site "Germany"]
[Date "2024.02.04"]
[Round "8.5"]
[White "Ferreira, Jorge Viterbo"]
[Black "Jovanovic, Zoran"]
[Result "1/2-1/2"]
[WhiteElo "2525"]
[BlackElo "2513"]
[PlyCount "59"]
[EventDate "2023.10.21"]
[EventType "team-tourn"]
[EventRounds "15"]
[EventCountry "GER"]
[SourceTitle "CB06_2024"]
[SourceDate "2024.02.07"]
[SourceVersion "1"]
[SourceVersionDate "2024.02.07"]
[SourceQuality "1"]
[WhiteTeam "Heimbach Weis Neuwied"]
[BlackTeam "Kirchweyhe"]
[WhiteTeamCountry "GER"]
[BlackTeamCountry "GER"]

1. d4 d6 2. Nf3 g6 3. c4 Bg7 4. Nc3 Nf6 5. e4 0-0 6. Be2 e5 7. 0-0 Bg4 8. dxe5 Bxf3 9. exf6 Bxe2 10. Qxe2 Qxf6 11. Nd5 Qd8 12. Be3 Re8 13. Qc2 Nd7 14. Rad1 c6 15. Nc3 Qe7 16. Bd4 Be5 17. f4 Bxd4+ 18. Rxd4 a5 19. Rfd1 Nc5 20. g3 Rad8 21. Qd2 Ra8 22. Qc2 Rad8 23. Qd2 Ra8 24. f5 Qe5 25. Rxd6 Nxe4 26. Nxe4 Qxe4 27. f6 h5 28. Qh6 Qe3+ 29. Qxe3 Rxe3 30. Rd8+ 1/2-1/2

[Event "Bundesliga 2324"]
[Site "Germany"]
[Date "2024.02.03"]
[Round "7.5"]
[White "Jovanovic, Zoran"]
[Black "Cyborowski, Lukasz"]
[Result "1-0"]
[WhiteElo "2513"]
[BlackElo "2479"]
[PlyCount "119"]
[EventDate "2023.10.21"]
[EventType "team-tourn"]
[EventRounds "15"]
[EventCountry "GER"]
[SourceTitle "CB06_2024"]
[SourceDate "2024.02.07"]
[SourceVersion "1"]
[SourceVersionDate "2024.02.07"]
[SourceQuality "1"]
[WhiteTeam "Kirchweyhe"]
[BlackTeam "Remagen Sinzig"]
[WhiteTeamCountry "GER"]
[BlackTeamCountry "GER"]

1. e4 c5 2. Nf3 e6 3. Nc3 a6 4. g3 Nc6 5. d4 cxd4 6. Nxd4 d6 7. Nxc6 bxc6 8. Bg2 d5 9. 0-0 Nf6 10. exd5 cxd5 11. Na4 Be7 12. c4 0-0 13. Nc3 Rb8 14. cxd5 Nxd5 15. Nxd5 exd5 16. Qxd5 Qxd5 17. Bxd5 Bf6 18. Bb3 Bh3 19. Re1 Rbe8 20. Rxe8 Rxe8 21. Be3 Rc8 22. Rb1 Bf5 23. Rd1 Bxb2 24. Rd6 Ra8 25. Bd5 Ba3 26. Rb6 Rd8 27. Bb3 Ra8 28. Rb7 Be6 29. Bxe6 fxe6 30. Bd4 Bf8 31. Bb6 a5 32. a4 e5 33. Kf1 Rc8 34. Bc7 e4 35. Ke2 g6 36. Ke3 Bc5+ 37. Kxe4 Bxf2 38. Kd5 Be1 39. Rb8 Rxb8 40. Bxb8 Kf7 41. Bc7 h5 42. Kc6 Ke6 43. Kb5 h4 44. gxh4 Kd7 45. Bg3 Bb4 46. h3 Bd2 47. Bf2 Bb4 48. Bb6 Be1 49. Bxa5 Bxh4 50. Bb4 Kc7 51. a5 Bg5 52. Bc5 Kb7 53. a6+ Ka8 54. Kc6 Bd2 55. Kd5 Bc1 56. Ke6 Bd2 57. Kf6 g5 58. Kf5 Bf4 59. Ke4 Bd2 60. Be3 1-0

[Event "EU-ch Blitz"]
[Site "Zagreb"]
[Date "2023.12.16"]
[Round "5"]
[White "Jovanovic, Zoran"]
[Black "Buzas, Bertalan"]
[Result "1-0"]
[WhiteElo "2515"]
[BlackElo "2255"]
[PlyCount "129"]
[EventDate "2023.12.16"]
[EventType "swiss (blitz)"]
[EventRounds "13"]
[EventCountry "CRO"]
[SourceTitle "CB51_2023"]
[SourceDate "2023.12.20"]
[SourceVersion "1"]
[SourceVersionDate "2023.12.20"]
[SourceQuality "1"]

1. e4 c6 2. Nc3 d5 3. Nf3 dxe4 4. Nxe4 Nf6 5. Qe2 Nxe4 6. Qxe4 Be6 7. b3 Nd7 8. Bc4 Nf6 9. Qe2 Bf5 10. d4 e6 11. 0-0 Be7 12. Bd3 Bxd3 13. Qxd3 0-0 14. Rd1 Qc7 15. Qe2 Rfd8 16. c4 c5 17. Bb2 cxd4 18. Bxd4 Nd7 19. Ne5 Nxe5 20. Qxe5 Qxe5 21. Bxe5 f6 22. Bc7 Rxd1+ 23. Rxd1 Kf7 24. Kf1 e5 25. Ke2 Ke6 26. Ba5 f5 27. Rd5 Rc8 28. Bc3 Bf6 29. f3 Rc6 30. Rb5 Rc7 31. a4 g5 32. g4 Rd7 33. a5 h6 34. h3 Bg7 35. Ke3 Bf6 36. Ke2 Bg7 37. Be1 Bf6 38. Bf2 fxg4 39. hxg4 a6 40. Rb6+ Ke7 41. Bc5+ Kf7 42. Rb4 Rc7 43. Bb6 Rd7 44. Ra4 Kg6 45. Ra2 h5 46. gxh5+ Kxh5 47. Rc2 g4 48. fxg4+ Kxg4 49. c5 Rh7 50. Kd3 Rh3+ 51. Kc4 e4 52. b4 e3 53. Kd3 Kf3 54. c6 bxc6 55. Rxc6 Bg5 56. Rg6 Bf4 57. Rf6 Kg4 58. Re6 Rh1 59. Bxe3 Bxe3 60. Rxe3 Rh6 61. Re8 Rc6 62. Rb8 Rd6+ 63. Kc4 Rc6+ 64. Kb3 Kf5 65. Rb6 1-0

[Event "EU-ch Blitz"]
[Site "Zagreb"]
[Date "2023.12.16"]
[Round "2"]
[White "Pedini, Dario"]
[Black "Jovanovic, Zoran"]
[Result "0-1"]
[WhiteElo "2278"]
[BlackElo "2515"]
[PlyCount "62"]
[EventDate "2023.12.16"]
[EventType "swiss (blitz)"]
[EventRounds "13"]
[EventCountry "CRO"]
[SourceTitle "CB51_2023"]
[SourceDate "2023.12.20"]
[SourceVersion "1"]
[SourceVersionDate "2023.12.20"]
[SourceQuality "1"]

1. e4 d6 2. Nc3 Nf6 3. g3 d5 4. e5 d4 5. exf6 dxc3 6. bxc3 exf6 7. Bg2 Bd6 8. Nf3 0-0 9. 0-0 Re8 10. d4 Nd7 11. c4 c5 12. c3 Nb6 13. Qb3 Bf5 14. Rd1 Qc7 15. Be3 Be4 16. Rac1 Rac8 17. d5 f5 18. Ne1 f4 19. Bxe4 fxe3 20. Bf3 Nd7 21. Bg2 exf2+ 22. Kxf2 Ne5 23. Kg1 Ng4 24. Nc2 Bxg3 25. Rf1 Bxh2+ 26. Kh1 Bf4 27. Rce1 Qd6 28. Bh3 Qh6 29. Kg2 Rxe1 30. Rxe1 Qh4 31. Re2 Qg3+ 0-1

[Event "EU-ch Rapid"]
[Site "Zagreb"]
[Date "2023.12.14"]
[Round "5"]
[White "Pezelj, Novak"]
[Black "Jovanovic, Zoran"]
[Result "1/2-1/2"]
[WhiteElo "2481"]
[BlackElo "2515"]
[PlyCount "29"]
[EventDate "2023.12.14"]
[EventType "swiss (rapid)"]
[EventRounds "11"]
[EventCountry "CRO"]
[SourceTitle "CB51_2023"]
[SourceDate "2023.12.20"]
[SourceVersion "1"]
[SourceVersionDate "2023.12.20"]
[SourceQuality "1"]

1. e4 d6 2. d4 Nf6 3. Nc3 e5 4. dxe5 dxe5 5. Qxd8+ Kxd8 6. Nf3 Bd6 7. Bg5 c6 8. 0-0-0 Ke7 9. Nd2 Bc7 10. f3 h6 11. Be3 Nbd7 12. a4 Bb6 13. Nc4 Bxe3+ 14. Nxe3 g6 15. Nc4 1/2-1/2

[Event "HUN-chT 2324"]
[Site "Hungary"]
[Date "2023.12.10"]
[Round "3.3"]
[White "Jovanovic, Zoran"]
[Black "Bagi, Mate"]
[Result "1/2-1/2"]
[WhiteElo "2513"]
[BlackElo "2446"]
[PlyCount "118"]
[EventDate "2023.10.28"]
[EventType "team-tourn"]
[EventRounds "9"]
[EventCountry "HUN"]
[SourceTitle "CB16_2024"]
[SourceDate "2024.04.17"]
[SourceVersion "1"]
[SourceVersionDate "2024.04.17"]
[SourceQuality "1"]
[WhiteTeam "Dunaharaszti"]
[BlackTeam "Biatorbagy"]
[WhiteTeamCountry "HUN"]
[BlackTeamCountry "HUN"]

1. e4 e5 2. Nf3 Nc6 3. Nc3 Nf6 4. Bb5 Bb4 5. 0-0 0-0 6. d3 Bxc3 7. bxc3 d6 8. Bg5 Qe7 9. Re1 a6 10. Bxc6 bxc6 11. d4 a5 12. Qc1 Qe6 13. dxe5 dxe5 14. Qa3 Nd7 15. Rad1 Re8 16. Be3 Ba6 17. Rd2 Bc4 18. Ng5 Qe7 19. Qxe7 Rxe7 20. a3 Nf6 21. Bc5 Rd7 22. Nf3 Rxd2 23. Nxd2 Bb5 24. f3 Nd7 25. Be3 f6 26. Rb1 Kf7 27. c4 Ba6 28. Kf2 Ke6 29. c5 Bb5 30. c4 Ba6 31. Ke2 g6 32. Kd3 h5 33. Kc3 f5 34. exf5+ gxf5 35. Re1 Kf7 36. Nb3 Bc8 37. a4 Nf8 38. Bg5 Ng6 39. Rd1 e4 40. fxe4 fxe4 41. Rf1+ Kg7 42. Bf6+ Kh6 43. Re1 Bf5 44. h4 Nf8 45. Nd4 Kg6 46. Be7 Nd7 47. Nxc6 Ra6 48. Nd4 Ne5 49. Rf1 Bd7 50. c6 Nxc6 51. Rf6+ Kg7 52. Bd8 Rb6 53. Nxc6 Rxc6 54. Rxc6 Bxc6 55. Bxc7 Bxa4 56. Kd4 Kf6 57. Bxa5 Bd7 58. Bd2 Ke7 59. Ke5 Kd8 1/2-1/2

[Event "BIH-chT 21st"]
[Site "Sarajevo"]
[Date "2023.11.02"]
[Round "3.4"]
[White "Simic, Aleksandar"]
[Black "Jovanovic, Zoran"]
[Result "0-1"]
[WhiteElo "2308"]
[BlackElo "2506"]
[PlyCount "108"]
[EventDate "2023.10.31"]
[EventType "team-tourn"]
[EventRounds "9"]
[EventCountry "BIH"]
[SourceTitle "Mega2024 Update 01"]
[Source "Chessbase"]
[SourceDate "2023.11.12"]
[SourceVersion "1"]
[SourceVersionDate "2023.11.12"]
[SourceQuality "1"]
[WhiteTeam "Busovaca Hrasno"]
[BlackTeam "Sarajevo Bosna"]
[WhiteTeamCountry "BIH"]
[BlackTeamCountry "BIH"]

1. e4 d6 2. d4 Nf6 3. Nc3 e5 4. Nf3 Nbd7 5. Bc4 Be7 6. a4 0-0 7. h3 c6 8. Ba2 exd4 9. Qxd4 Nc5 10. 0-0 a5 11. Re1 Be6 12. Bxe6 Nxe6 13. Qd3 Nd7 14. Be3 Ne5 15. Qe2 Nxf3+ 16. Qxf3 Bf6 17. Red1 Qe7 18. Rab1 Rfe8 19. Qg3 Nc5 20. Bd4 Rad8 21. f3 Be5 22. Qf2 Ne6 23. Ne2 Nxd4 24. Nxd4 d5 25. Nf5 Qf6 26. c3 dxe4 27. fxe4 g6 28. Nh6+ Kg7 29. Ng4 Qxf2+ 30. Kxf2 Bc7 31. Rxd8 Rxd8 32. Ke2 Re8 33. Kf3 Bb6 34. Rd1 Re7 35. Rd3 h5 36. Ne3 Bxe3 37. Rxe3 Rd7 38. Ke2 Kf6 39. Rd3 Rxd3 40. Kxd3 Ke5 41. Ke3 h4 42. Kf3 b5 43. axb5 cxb5 44. Ke3 a4 45. Kf3 f6 46. Ke3 Kd6 47. Kd4 g5 48. Ke3 Kc5 49. Kd3 b4 50. cxb4+ Kxb4 51. Kc2 Kc4 52. Kd2 Kd4 53. Kc2 Ke3 54. Kc3 Kf2 0-1

[Event "CRO Cup"]
[Site "Mali Losinj"]
[Date "2023.05.11"]
[Round "2.5"]
[White "Makovec, Bruno"]
[Black "Jovanovic, Zoran"]
[Result "1/2-1/2"]
[WhiteElo "2269"]
[BlackElo "2515"]
[PlyCount "87"]
[EventDate "2023.05.10"]
[EventType "team-swiss"]
[EventRounds "6"]
[EventCountry "CRO"]
[SourceTitle "CBM 214 Extra"]
[Source "ChessBase"]
[SourceDate "2023.07.31"]
[SourceVersion "1"]
[SourceVersionDate "2023.07.31"]
[SourceQuality "1"]
[WhiteTeam "Mihovljan Sloboda"]
[BlackTeam "Zagreb Mladost"]
[WhiteTeamCountry "CRO"]
[BlackTeamCountry "CRO"]

1. d4 d6 2. Nf3 g6 3. c4 Bg7 4. Nc3 Bg4 5. g3 Bxf3 6. exf3 c6 7. d5 Nd7 8. Be2 Ngf6 9. 0-0 0-0 10. Rb1 a6 11. Be3 Rc8 12. f4 cxd5 13. Nxd5 e6 14. Nc3 Qe7 15. Qd2 Rfd8 16. Rfd1 Nc5 17. Bf3 a5 18. Rbc1 b6 19. Qe2 h5 20. h4 Ne8 21. Bd4 Bxd4 22. Rxd4 Kf8 23. Rcd1 Nd7 24. Qd2 Ndf6 25. Nb5 Rd7 26. Nxd6 Nxd6 27. Rxd6 Rxd6 28. Qxd6 Qxd6 29. Rxd6 Rxc4 30. Rxb6 Rc1+ 31. Kg2 Rc2 32. a4 Ng4 33. Bxg4 hxg4 34. Rb5 Ke7 35. b3 Rb2 36. Rxa5 Rxb3 37. Ra7+ Kf6 38. a5 Ra3 39. a6 Ra1 40. Kh2 Ra2 41. Kg1 Ra1+ 42. Kh2 Ra2 43. Kg1 Ra1+ 44. Kh2 1/2-1/2

[Event "CRO Cup"]
[Site "Mali Losinj"]
[Date "2023.05.10"]
[Round "1.5"]
[White "Jovanovic, Zoran"]
[Black "Nikic, Patrick"]
[Result "1/2-1/2"]
[WhiteElo "2515"]
[BlackElo "2153"]
[PlyCount "66"]
[EventDate "2023.05.10"]
[EventType "team-swiss"]
[EventRounds "6"]
[EventCountry "CRO"]
[SourceTitle "CBM 214 Extra"]
[Source "ChessBase"]
[SourceDate "2023.07.31"]
[SourceVersion "1"]
[SourceVersionDate "2023.07.31"]
[SourceQuality "1"]
[WhiteTeam "Zagreb Mladost"]
[BlackTeam "Vinkovci"]
[WhiteTeamCountry "CRO"]
[BlackTeamCountry "CRO"]

1. e4 c5 2. Ne2 d6 3. g3 Nc6 4. Bg2 g6 5. c3 Bg7 6. d4 cxd4 7. cxd4 Nf6 8. 0-0 0-0 9. Nbc3 Bd7 10. h3 Rc8 11. Be3 a6 12. Qd2 b5 13. Rac1 e6 14. b3 Ne7 15. a3 a5 16. Rfd1 Re8 17. Nf4 Bc6 18. d5 exd5 19. exd5 Bd7 20. g4 h5 21. gxh5 gxh5 22. Nce2 Nf5 23. Nd4 Nxe3 24. fxe3 Qe7 25. Rxc8 Bxc8 26. Nxb5 Ba6 27. a4 Bxb5 28. axb5 Ne4 29. Bxe4 Qxe4 30. Ng2 Bh6 31. b6 Rb8 32. Rf1 Rxb6 33. Qxa5 Rxb3 1/2-1/2

[Event "Bundesliga 2223"]
[Site "Germany"]
[Date "2023.04.30"]
[Round "15.4"]
[White "Jovanovic, Zoran"]
[Black "Pajeken, Jakob Leon"]
[Result "1/2-1/2"]
[WhiteElo "2519"]
[BlackElo "2461"]
[PlyCount "118"]
[EventDate "2022.10.21"]
[EventType "team-tourn"]
[EventRounds "15"]
[EventCountry "GER"]
[SourceTitle "CBM 213 Extra"]
[Source "ChessBase"]
[SourceDate "2023.05.31"]
[SourceVersion "1"]
[SourceVersionDate "2023.05.31"]
[SourceQuality "1"]
[WhiteTeam "Kirchweyhe"]
[BlackTeam "Kiel Turm"]
[WhiteTeamCountry "GER"]
[BlackTeamCountry "GER"]

1. e4 e5 2. Nf3 Nc6 3. Bb5 a6 4. Ba4 Nf6 5. Nc3 Bc5 6. d3 d6 7. Bxc6+ bxc6 8. Be3 Bb6 9. 0-0 0-0 10. h3 Re8 11. Re1 Rb8 12. Bxb6 cxb6 13. d4 Qc7 14. dxe5 dxe5 15. Qd2 Be6 16. Rad1 Rbd8 17. Qg5 Nd7 18. Rd2 f6 19. Qe3 Nc5 20. Red1 Nb7 21. Qe2 b5 22. Qe3 c5 23. Nd5 Bxd5 24. Rxd5 Rxd5 25. Rxd5 Rd8 26. Qd2 Rd6 27. b3 Qd7 28. c4 Rxd5 29. exd5 e4 30. Nh2 Qe7 31. Qc3 f5 32. Nf1 Kf7 33. Qg3 Nd6 34. Qe3 bxc4 35. Qxc5 cxb3 36. axb3 f4 37. Qb6 Qe5 38. Qxa6 Qxd5 39. Qa7+ Kf6 40. Qd7 Qe6 41. Qd8+ Kf7 42. Qc7+ Qe7 43. Qc5 g6 44. g3 fxg3 45. Nxg3 Qe6 46. b4 Ke7 47. Kg2 Kd7 48. Qa7+ Kc6 49. Qa6+ Kd7 50. Qa7+ Kc6 51. Qc5+ Kd7 52. b5 e3 53. Qc6+ Ke7 54. b6 e2 55. Nxe2 Qxe2 56. b7 Nxb7 57. Qxb7+ Kf6 58. Qxh7 Qe4+ 59. Kg1 Qe1+ 1/2-1/2

[Event "Bundesliga 2223"]
[Site "Germany"]
[Date "2023.04.29"]
[Round "14.4"]
[White "Svane, Frederik"]
[Black "Jovanovic, Zoran"]
[Result "1/2-1/2"]
[WhiteElo "2566"]
[BlackElo "2519"]
[PlyCount "43"]
[EventDate "2022.10.21"]
[EventType "team-tourn"]
[EventRounds "15"]
[EventCountry "GER"]
[SourceTitle "CBM 213 Extra"]
[Source "ChessBase"]
[SourceDate "2023.05.31"]
[SourceVersion "1"]
[SourceVersionDate "2023.05.31"]
[SourceQuality "1"]
[WhiteTeam "Hamburger SK"]
[BlackTeam "Kirchweyhe"]
[WhiteTeamCountry "GER"]
[BlackTeamCountry "GER"]

1. c4 d6 2. d4 e5 3. Nf3 e4 4. Ng1 f5 5. Nc3 Be7 6. Bf4 Nf6 7. e3 c6 8. Be2 0-0 9. h4 Na6 10. Nh3 h6 11. Bg3 Be6 12. Rb1 Nc7 13. b4 a6 14. a4 Bf7 15. a5 d5 16. Bxc7 Qxc7 17. Qb3 Bd6 18. g3 dxc4 19. Bxc4 Bxc4 20. Qxc4+ Qf7 21. Qxf7+ Kxf7 22. Ke2 1/2-1/2

[Event "HUN-chT 2223"]
[Site "Hungary"]
[Date "2023.04.23"]
[Round "9.3"]
[White "Jovanovic, Zoran"]
[Black "Hujbert, Florian"]
[Result "0-1"]
[WhiteElo "2513"]
[BlackElo "2399"]
[PlyCount "120"]
[EventDate "2022.11.20"]
[EventType "team-tourn"]
[EventRounds "9"]
[EventCountry "HUN"]
[SourceTitle "EXT 2024"]
[Source "ChessBase"]
[SourceDate "2023.10.10"]
[SourceVersion "1"]
[SourceVersionDate "2023.10.10"]
[SourceQuality "1"]
[WhiteTeam "Dunaharaszti"]
[BlackTeam "Mako Duocor"]
[WhiteTeamCountry "HUN"]
[BlackTeamCountry "HUN"]

1. e4 e6 2. Nc3 d5 3. d4 Bb4 4. Nge2 Nc6 5. a3 Ba5 6. b4 Bb6 7. Bb2 Nh6 8. g3 0-0 9. Bg2 Ne7 10. 0-0 f6 11. Na4 c6 12. Nxb6 axb6 13. a4 Nf7 14. e5 g5 15. Qd3 Ng6 16. f4 f5 17. h3 g4 18. Nc3 h5 19. hxg4 hxg4 20. Nd1 Ne7 21. Ne3 Bd7 22. Kf2 Kg7 23. Rh1 Rh8 24. Rxh8 Nxh8 25. Qb3 b5 26. a5 Be8 27. Qc3 Nhg6 28. Rh1 Bf7 29. Bc1 Qd7 30. Qc5 Rh8 31. Qd6 Be8 32. Rxh8 Nxh8 33. Qb8 Qc8 34. Qa7 Kf8 35. Nd1 Nf7 36. Nb2 Nd8 37. Nd3 Ng8 38. Nc5 Ne7 39. Bf1 Kf7 40. Be2 Kf8 41. Be3 Ng8 42. Qb6 Bd7 43. Nxb7 Nxb7 44. a6 Nd8 45. a7 Nb7 46. c4 bxc4 47. Bxc4 dxc4 48. d5 cxd5 49. b5 Ke8 50. Qa6 Qa8 51. Bd4 Ne7 52. Ke3 Nc8 53. b6 Bc6 54. Qa2 Ne7 55. Qa1 Kd7 56. Qa3 Ke8 57. Qa2 Nd8 58. Qa3 Bb7 59. Bc5 Ndc6 60. Kd2 Kf7 0-1

[Event "Bundesliga 2223"]
[Site "Germany"]
[Date "2023.02.26"]
[Round "9.4"]
[White "Jovanovic, Zoran"]
[Black "Johansson, Linus"]
[Result "1/2-1/2"]
[WhiteElo "2519"]
[BlackElo "2461"]
[PlyCount "146"]
[EventDate "2022.10.21"]
[EventType "team-tourn"]
[EventRounds "15"]
[EventCountry "GER"]
[SourceTitle "CBM 213 Extra"]
[Source "ChessBase"]
[SourceDate "2023.05.31"]
[SourceVersion "1"]
[SourceVersionDate "2023.05.31"]
[SourceQuality "1"]
[WhiteTeam "Kirchweyhe"]
[BlackTeam "Bayern Muenchen"]
[WhiteTeamCountry "GER"]
[BlackTeamCountry "GER"]

1. e4 c5 2. Nc3 Nc6 3. Nge2 e5 4. Nd5 Nge7 5. Nec3 Nxd5 6. Nxd5 Be7 7. Bc4 0-0 8. 0-0 d6 9. d3 Bg5 10. f4 exf4 11. Bxf4 Bxf4 12. Nxf4 Qg5 13. Qc1 Bd7 14. Nd5 Qxc1 15. Raxc1 Rac8 16. Rf2 Be6 17. Rcf1 Rfe8 18. Ne3 Ne5 19. b3 Re7 20. a4 Bxc4 21. bxc4 Rc6 22. Ra1 Ra6 23. Kf1 f6 24. Ke2 Kf8 25. Rff1 Ke8 26. Kd2 Kd8 27. g4 Ng6 28. Nf5 Rf7 29. h4 Ne5 30. Ne3 h6 31. c3 Rc6 32. Kc2 Rcc7 33. Rf2 Rcd7 34. Rg1 Kc7 35. Nd5+ Kc8 36. Kd2 Rd8 37. Ke2 Rdf8 38. Rff1 Kd7 39. Rb1 Kc8 40. Ne3 Kc7 41. Rb5 Rd7 42. d4 cxd4 43. cxd4 Nc6 44. Kd3 Kb8 45. h5 Nd8 46. Rgb1 Ne6 47. Nd5 Re8 48. R5b2 Ng5 49. Re2 a6 50. a5 Ka7 51. Re3 Ne6 52. Rbe1 Kb8 53. Kc3 Nc7 54. Nb6 Rde7 55. d5 Ka7 56. Kd4 Re5 57. Rf1 Rg5 58. Rf4 Na8 59. Na4 b5 60. axb6+ Nxb6 61. Nxb6 Kxb6 62. Rb3+ Kc7 63. c5 dxc5+ 64. Kxc5 a5 65. Rb6 Ra8 66. Rf1 a4 67. Rfb1 a3 68. Rb7+ Kc8 69. Rf7 a2 70. Ra1 Ra4 71. Kb5 Ra3 72. Kb4 Ra6 73. Kb5 Ra3 1/2-1/2

[Event "Bundesliga 2223"]
[Site "Germany"]
[Date "2023.02.25"]
[Round "8.3"]
[White "Heimann, Andreas"]
[Black "Jovanovic, Zoran"]
[Result "1-0"]
[WhiteElo "2573"]
[BlackElo "2519"]
[PlyCount "85"]
[EventDate "2022.10.21"]
[EventType "team-tourn"]
[EventRounds "15"]
[EventCountry "GER"]
[SourceTitle "CBM 213 Extra"]
[Source "ChessBase"]
[SourceDate "2023.05.31"]
[SourceVersion "1"]
[SourceVersionDate "2023.05.31"]
[SourceQuality "1"]
[WhiteTeam "Deizisau"]
[BlackTeam "Kirchweyhe"]
[WhiteTeamCountry "GER"]
[BlackTeamCountry "GER"]

1. e4 Nc6 2. d4 d5 3. Nc3 dxe4 4. d5 Nb8 5. Bf4 Nf6 6. Bc4 a6 7. Nge2 g6 8. Qd2 Bg7 9. 0-0-0 b5 10. Bb3 c5 11. dxc6 Qxd2+ 12. Rxd2 Nxc6 13. Nd5 Nxd5 14. Bxd5 Bb7 15. Bxe4 Na5 16. Bxb7 Nxb7 17. Rhd1 Rd8 18. Nd4 Rc8 19. Nb3 Nd8 20. Nc5 a5 21. Nd7 Ne6 22. Be3 f5 23. Rd5 f4 24. Bb6 a4 25. Rxb5 Kf7 26. Ne5+ Bxe5 27. Rxe5 Rc6 28. Ba5 Rhc8 29. c3 f3 30. g3 Rc5 31. Rde1 R8c6 32. Bb4 Rc4 33. R1e3 Nd4 34. Rxe7+ Kf6 35. Rb7 Kg5 36. Kd2 Nf5 37. Rxf3 Re6 38. Rxh7 Rce4 39. Kd3 Re2 40. Rf4 Rxb2 41. h4+ Kf6 42. g4 Ree2 43. gxf5 1-0

[Event "HUN-chT 2223"]
[Site "Hungary"]
[Date "2023.02.12"]
[Round "5.3"]
[White "Jovanovic, Zoran"]
[Black "Brkic, Ante"]
[Result "1/2-1/2"]
[WhiteElo "2513"]
[BlackElo "2610"]
[PlyCount "61"]
[EventDate "2022.11.20"]
[EventType "team-tourn"]
[EventRounds "9"]
[EventCountry "HUN"]
[SourceTitle "CBM 213 Extra"]
[Source "ChessBase"]
[SourceDate "2023.05.31"]
[SourceVersion "1"]
[SourceVersionDate "2023.05.31"]
[SourceQuality "1"]
[WhiteTeam "Dunaharaszti"]
[BlackTeam "Kobanya Aquarena"]
[WhiteTeamCountry "HUN"]
[BlackTeamCountry "HUN"]

1. e4 c5 2. Nf3 e6 3. Nc3 Nc6 4. d4 cxd4 5. Nxd4 Nf6 6. Be2 Bb4 7. 0-0 Bxc3 8. bxc3 Nxe4 9. Nxc6 dxc6 10. Qxd8+ Kxd8 11. Bf3 Nf6 12. Rd1+ Bd7 13. Bf4 Nd5 14. Bg3 b5 15. a4 Ke7 16. axb5 cxb5 17. c4 bxc4 18. Bxd5 exd5 19. Rxd5 Be6 20. Rda5 a6 21. Rxa6 Rxa6 22. Rxa6 Rd8 23. Ra7+ Rd7 24. Rxd7+ Kxd7 25. f3 f6 26. Bf2 Bf5 27. c3 h5 28. h4 Ke6 29. Bd4 Bd3 30. Kf2 g6 31. g3 1/2-1/2

[Event "CRO-ch"]
[Site "Split"]
[Date "2022.12.08"]
[Round "10"]
[White "Saric, Ante"]
[Black "Jovanovic, Zoran"]
[Result "1/2-1/2"]
[WhiteElo "2504"]
[BlackElo "2513"]
[PlyCount "35"]
[EventDate "2022.11.29"]
[EventType "tourn"]
[EventRounds "11"]
[EventCountry "CRO"]
[EventCategory "12"]
[SourceTitle "CBM 211 Extra"]
[Source "ChessBase"]
[SourceDate "2023.01.31"]
[SourceVersion "1"]
[SourceVersionDate "2023.01.31"]
[SourceQuality "1"]

1. Nf3 d6 2. d4 Nf6 3. g3 g6 4. Bg2 Bg7 5. 0-0 0-0 6. c4 c6 7. Nc3 Bf5 8. b3 Ne4 9. Bb2 Nxc3 10. Bxc3 Be4 11. e3 b5 12. Qe2 bxc4 13. Qxc4 Nd7 14. Rac1 Qb6 15. Rfd1 Qb7 16. Ne1 Bxg2 17. Nxg2 a5 18. Nf4 1/2-1/2